Эпрон. 1923-1933 (Запись № 6643036)

Подробности
000 -МАРКЕР
контрольное поле 03657nam0a22004451 4500
001 - ИДЕНТИФИКАТОР ЗАПИСИ
контрольное поле rc\2712867
005 - ИДЕНТИФИКАТОР ВЕРСИИ
контрольное поле 20250529123429.0
035 ## - ДРУГИЕ СИСТЕМНЫЕ НОМЕРА
Идентификатор записи (NLR Aleph) 006840758
100 ## - ДАННЫЕ ОБЩЕЙ ОБРАБОТКИ
Данные общей обработки 20110915d1934 |||y0rusy50 ca
101 0# - ЯЗЫК РЕСУРСА
Язык текста, звукозаписи и т.д. русский
102 ## - СТРАНА ПУБЛИКАЦИИ ИЛИ ПРОИЗВОДСТВА
Страна публикации Российская Федерация
105 ## - ПОЛЕ КОДИРОВАННЫХ ДАННЫХ: ТЕКСТОВЫЕ МАТЕРИАЛЫ, МОНОГРАФИЧЕСКИЕ
Кодированные данные о монографическом текстовом документе ac z |||c|
200 1# - ЗАГЛАВИЕ И СВЕДЕНИЯ ОБ ОТВЕТСТВЕННОСТИ
Основное заглавие Эпрон. 1923-1933
Сведения, относящиеся к заглавию Очерки бригады писателей
210 ## - ПУБЛИКАЦИЯ, РАСПРОСТРАНЕНИЕ И ДР.
Место издания, распространения и т.д. [Ленинград]
Имя издателя, распространителя и т. д. Изд-во писателей в Ленинграде
Дата издания, распространения и т.д. [1934]
Имя изготовителя тип. им. Володарского
215 ## - ФИЗИЧЕСКАЯ ХАРАКТЕРИСТИКА
Специфическое обозначение материала и объем 219, [2] с., 1 с. объявл., 1 вкл. л. портр.
Другие сведения о физической характеристике ил.
Размеры 18х14 см.
300 ## - ОБЩИЕ ПРИМЕЧАНИЯ
Текст примечания Суп.-обл. и переплет: М. Кирнарский
327 1# - ПРИМЕЧАНИЯ О СОДЕРЖАНИИ
Текст примечания Содерж.: А. П. Карпинский. К десятилетию Экспедиции подводных работ. Алексей Толстой. Смелость, творчество, упорство. И. Соколов-Микитов. Водолазы. Он же: В океане. Вяч. Шишков. "Садко" - гость советский. Людмила Попова. Песня. Она же: Водолазы. Она же: Ночь голосует. Она же. У телефона. Ник. Никитин. Около "Садко". Ел. Тагер. В тумане. А. Садовский. Тарасов - полпред и ехидный мальчик. Леонид Ленч. Богатый гость. Рассказ механика. А. И. Горелева. Как мы тонули на ледоколе "Садко". М. Шкапская. Большевист. викинги
464 #0 - АНАЛИТИЧЕСКИЙ УРОВЕНЬ
Встроенное поле 2000#$aВ тумане$fЕл. Тагер
Заглавие В тумане
464 #0 - АНАЛИТИЧЕСКИЙ УРОВЕНЬ
Встроенное поле 2000#$aТарасов - полпред и ехидный мальчик$fА. Садовский
Заглавие Тарасов - полпред и ехидный мальчик
464 #0 - АНАЛИТИЧЕСКИЙ УРОВЕНЬ
Встроенное поле 2000#$aУ телефона$fЛюдмила Попова
Заглавие У телефона
464 #0 - АНАЛИТИЧЕСКИЙ УРОВЕНЬ
Встроенное поле 2000#$aОколо "Садко"$fНик. Никитин
Заглавие Около "Садко"
464 #0 - АНАЛИТИЧЕСКИЙ УРОВЕНЬ
Встроенное поле 2000#$aКак мы тонули на ледоколе "Садко"$fА. И. Горелева
Заглавие Как мы тонули на ледоколе "Садко"
464 #0 - АНАЛИТИЧЕСКИЙ УРОВЕНЬ
Встроенное поле 2000#$aБольшевистские викинги$fМ. Шкапская
Заглавие Большевистские викинги
464 #0 - АНАЛИТИЧЕСКИЙ УРОВЕНЬ
Встроенное поле 2000#$aБогатый гость$fЛеонид Ленч
Заглавие Богатый гость
464 #0 - АНАЛИТИЧЕСКИЙ УРОВЕНЬ
Встроенное поле 2000#$aРассказ механика
Заглавие Рассказ механика
464 #0 - АНАЛИТИЧЕСКИЙ УРОВЕНЬ
Встроенное поле 2000#$aНочь голосует$fЛюдмила Попова
Заглавие Ночь голосует
464 #0 - АНАЛИТИЧЕСКИЙ УРОВЕНЬ
Встроенное поле 2000#$aСмелость, творчество, упорство$fАлексей Толстой
Заглавие Смелость, творчество, упорство
464 #0 - АНАЛИТИЧЕСКИЙ УРОВЕНЬ
Встроенное поле 2000#$aВодолазы$fИ. Соколов-Микитов
Заглавие Водолазы
464 #0 - АНАЛИТИЧЕСКИЙ УРОВЕНЬ
Встроенное поле 2000#$aВ океане$fИ. Соколов-Микитов
Заглавие В океане
464 #0 - АНАЛИТИЧЕСКИЙ УРОВЕНЬ
Встроенное поле 2000#$aК десятилетию Экспедиции подводных работ$fА. П. Карпинский
Заглавие К десятилетию Экспедиции подводных работ
464 #0 - АНАЛИТИЧЕСКИЙ УРОВЕНЬ
Встроенное поле 2000#$aВодолазы$fЛюдмила Попова
Заглавие Водолазы
464 #0 - АНАЛИТИЧЕСКИЙ УРОВЕНЬ
Встроенное поле 2000#$a"Садко" - гость советский$fВяч. Шишков
Заглавие "Садко" - гость советский
464 #0 - АНАЛИТИЧЕСКИЙ УРОВЕНЬ
Встроенное поле 2000#$aПесня$fЛюдмила Попова
Заглавие Песня
801 #0 - ИСТОЧНИК ЗАПИСИ
Страна Российская Федерация
Организация NLR
Правила каталогизации psbo
801 #1 - ИСТОЧНИК ЗАПИСИ
Страна Российская Федерация
Организация ELAR
Источник данных rusmarc
852 ## - МЕСТОНАХОЖДЕНИЕ И ШИФР ХРАНЕНИЯ
Идентификатор организации NLR
Шифр хранения (Call Number) 34-2/1272
942 ## - ДОПОЛНИТЕЛЬНЫЕ ЭЛЕМЕНТЫ ЗАПИСИ (АБИС)
Тип экземпляра АБИС Книга
980 ## - КОЛЛЕКЦИЯ
Название коллекции Национальная библиография
Экземпляры
Тип экземпляра Дата поступления Библиотека постоянного хранения Библиотека текущего хранения Место хранения Шифр хранения Штрих-код Статус экземпляра
Книга 26.10.2013 РНБ (Садовая) РНБ (Садовая) Русский книжный фонд -Главное здание, Ленинский читальный зал 34-2/1272 1-3939451